书目信息 |
| 题名: |
时间序列分析
|
|
| 作者: | 汉密尔顿 著 ;夏晓华 译 | |
| 分册: | 下 | |
| 出版信息: | 北京 中国人民大学出版社 2015.1 |
|
| 页数: | 505-926页 | |
| 开本: | 26cm | |
| 丛书名: | 经济科学译丛 | |
| 单 册: | ||
| 中图分类: | O211.61 | |
| 科图分类: | ||
| 主题词: | 时间序列分析--shi jian xu lie fen xi | |
| 电子资源: | ||
| ISBN: | 978-7-300-20213-6 | |
| 000 | 01254nam0 22002891 450 | |
| 001 | 0109172532 | |
| 005 | 20170310090010.82 | |
| 010 | @a978-7-300-20213-6@dCNY59.00(全2册118.00) | |
| 100 | @a20150228d2015 em y0chiy50 ea | |
| 101 | 1 | @achi@ceng |
| 102 | @aCN@b110000 | |
| 105 | @ay z 000yy | |
| 106 | @ar | |
| 200 | 1 | @a时间序列分析@9shi jian xu lie fen xi@dTime series analysis@h下@f詹姆斯·D. 汉密尔顿(James D. Hamilton)著@g夏晓华译@zeng |
| 210 | @a北京@c中国人民大学出版社@d2015.1 | |
| 215 | @a505-926页@d26cm | |
| 225 | 2 | @a经济科学译丛@9jing ji ke xue yi cong |
| 300 | @a“十一五”国家重点图书出版规划项目 | |
| 330 | @a本书作者对时间序列分析的相关进展做出梳理与阐述。这些研究进展包括向量自回归、广义矩估计、单位根的经济与统计结果、非线性时间序列等。另外,作者在本书中还阐述了包括线性表征、自相关、生成函数、谱分析、卡尔曼滤波等动态系统的传统分析工具。这些内容有助于经济理论研究和解释现实世界的数据。 | |
| 461 | 0 | @12001@@@a经济科学译丛 |
| 510 | 1 | @aTime series analysis@zeng |
| 606 | 0 | @a时间序列分析@9shi jian xu lie fen xi |
| 690 | @aO211.61@v5 | |
| 701 | 0 | @a汉密尔顿@9han mi er dun@c(Hamilton,James D.)@4著 |
| 702 | 0 | @a夏晓华@9xia xiao hua@4译 |
| 801 | 0 | @aCN@bTANGWEI@c20170308 |
| 905 | @b0954366-8@dO211.61@e331:2@f3 | |
| 时间序列分析=Time series analysis.下/詹姆斯·D. 汉密尔顿(James D. Hamilton)著/夏晓华译.-北京:中国人民大学出版社,2015.1 |
| 505-926页;26cm.-(经济科学译丛) |
| “十一五”国家重点图书出版规划项目 |
| ISBN 978-7-300-20213-6:CNY59.00(全2册118.00) |
| 本书作者对时间序列分析的相关进展做出梳理与阐述。这些研究进展包括向量自回归、广义矩估计、单位根的经济与统计结果、非线性时间序列等。另外,作者在本书中还阐述了包括线性表征、自相关、生成函数、谱分析、卡尔曼滤波等动态系统的传统分析工具。这些内容有助于经济理论研究和解释现实世界的数据。 |
| ● |
| 相关链接 |
|
|
|
|
正题名:时间序列分析
索取号:O211.61/331:2
 
预约/预借
| 序号 | 登录号 | 条形码 | 馆藏地/架位号 | 状态 | 备注 |
| 1 | 0954366 | 209543662 | 第二样本阅览室/ [索取号:O211.61/331:2] | 在馆 | |
| 2 | 0954367 | 209543671 | 第三借阅区/ [索取号:O211.61/331:2] | 在馆 | |
| 3 | 0954368 | 209543680 | 第三借阅区/ [索取号:O211.61/331:2] | 在馆 |